ARRUPE JESUIT UNIVERSITY

CORONAVIRUS -STOP THE SPREAD - CLEAN,DISINFECT,COVER

Media & democracy / (Record no. 124896)

MARC details
000 -LEADER
fixed length control field 01032cam a2200313 a 4500
001 - CONTROL NUMBER
control field 3543286
003 - CONTROL NUMBER IDENTIFIER
control field ARRUPE
005 - DATE AND TIME OF LATEST TRANSACTION
control field 20160811093007.0
008 - FIXED-LENGTH DATA ELEMENTS--GENERAL INFORMATION
fixed length control field 970530r19981995nju b 001 0 eng
010 ## - LIBRARY OF CONGRESS CONTROL NUMBER
LC control number 97023126
020 ## - INTERNATIONAL STANDARD BOOK NUMBER
International Standard Book Number 0765804085 (pbk. : alk. paper)
040 ## - CATALOGING SOURCE
Original cataloging agency DLC
Transcribing agency DLC
Modifying agency DLC
050 00 - LIBRARY OF CONGRESS CALL NUMBER
Classification number P95.8
Item number .M383 1998
082 00 - DEWEY DECIMAL CLASSIFICATION NUMBER
Classification number 302.23
Edition number 21
300 ## - PHYSICAL DESCRIPTION
Dimensions 21 cm.
245 00 - TITLE STATEMENT
Title Media & democracy /
Statement of responsibility, etc edited by Andersen Michael Bruun.
246 3# - VARYING FORM OF TITLE
Title proper/short title Media and democracy
260 ## - PUBLICATION, DISTRIBUTION, ETC. (IMPRINT)
Place of publication, distribution, etc Oslo. :
Name of publisher, distributor, etc University of Oslo,
Date of publication, distribution, etc 1996.
300 ## - PHYSICAL DESCRIPTION
Extent 299 p. ;
440 #0 - SERIES STATEMENT/ADDED ENTRY--TITLE
Title IMK report
Number of part/section of a work 17
9 (RLIN) 24740
504 ## - BIBLIOGRAPHY, ETC. NOTE
Bibliography, etc .
650 #0 - SUBJECT ADDED ENTRY--TOPICAL TERM
Topical term or geographic name as entry element Mass media
General subdivision Political aspects.
9 (RLIN) 23519
650 #0 - SUBJECT ADDED ENTRY--TOPICAL TERM
Topical term or geographic name as entry element Democracy.
9 (RLIN) 24741
650 #0 - SUBJECT ADDED ENTRY--TOPICAL TERM
Topical term or geographic name as entry element Freedom of the press.
9 (RLIN) 24742
650 #0 - SUBJECT ADDED ENTRY--TOPICAL TERM
Topical term or geographic name as entry element Journalism
General subdivision Political aspects.
9 (RLIN) 24743
906 ## - LOCAL DATA ELEMENT F, LDF (RLIN)
a 7
b cbc
c orignew
d 1
e ocip
f 19
g y-gencatlg
942 ## - ADDED ENTRY ELEMENTS (KOHA)
Source of classification or shelving scheme Library of Congress Classification
Koha item type Monograph ( Printed materials)
Holdings
Withdrawn status Lost status Source of classification or shelving scheme Damaged status Not for loan Collection code Home library Current library Shelving location Date acquired Total Checkouts Full call number Barcode Date last seen Date checked out Price effective from Koha item type
    Library of Congress Classification     Main Collection ARRUPE LIBRARY ARRUPE LIBRARY Main Collection 11/08/2016 1 P95.8 .M383 1996 46500010470 17/04/2019 12/04/2019 11/08/2016 Monograph ( Printed materials)

 

Arrupe Library. PO Box MP320 Mt Pleasant, Harare, Zimbabwe
263 242 745411|librarian@aju.ac.zw